History Quiz

Random History or Justice Quiz

Supreme Court Justice Law Schools Quiz Stats

 Plays Quiz not verified by Sporcle

Challenge
Share
Tweet
Embed
Score 0/21 Timer 05:00
0 Plays Today
# Law School % Correct
15Harvard
99.9%
7Yale
98.6%
4Columbia
88.3%
2Stanford
84.4%
1Penn
72.5%
1NYU
69.1%
1Virginia
63.4%
1Michigan
63.3%
1California
62.6%
1Texas
56.4%
2Northwestern
56%
# Law School % Correct
1Alabama
29.3%
2Cincinnati
18.1%
1Colorado
17%
1Howard
14.3%
1Washington & Lee
11.1%
1Albany
8.1%
1William Mitchell
4.9%
2Cumberland
2.5%
1Centre
1.7%
1UMKC
1.6%

You're not logged in!

Compare scores with friends on all Sporcle quizzes.
OR
Log In

You Might Also Like...

Show Comments

Extras

Top Quizzes Today


Score Distribution

Your Account Isn't Verified!

In order to create a playlist on Sporcle, you need to verify the email address you used during registration. Go to your Sporcle Settings to finish the process.

Report this User

Report this user for behavior that violates our Community Guidelines.

Details: